LIBRARY & INFORMATION CENTRE, KCAET, TAVANUR

ONLINE PUBLIC ACCESS CATALOGUE (OPAC)

Principles of field crop production / (Record no. 2618)

MARC details
000 -LEADER
fixed length control field 00440cam a2200169ua 4500
041 ## - LANGUAGE CODE
Language code of text/sound track or separate title eng
082 ## - DEWEY DECIMAL CLASSIFICATION NUMBER
Classification number 633.081
Item number MAR/PR
100 ## - MAIN ENTRY--AUTHOR NAME
Personal name Martin, John.H .
245 ## - TITLE STATEMENT
Title Principles of field crop production /
250 ## - EDITION STATEMENT
Edition statement 1 /
260 ## - PUBLICATION, DISTRIBUTION, ETC. (IMPRINT)
Place of publication Newyork :
Name of publisher The Macmillan company ,
Year of publication 1961.
300 ## - PHYSICAL DESCRIPTION
Number of Pages 1176 ; .
700 1# - ADDED ENTRY--PERSONAL NAME
Personal name Leonard, Warren.H .
942 ## - ADDED ENTRY ELEMENTS (KOHA)
Koha item type Books
Holdings
Withdrawn status Lost status Damaged status Home library Current library Date acquired Full call number Accession Number Koha item type
      KAUAET KAUAET 07/04/2012 633.081 638 Books
free website counter